| 000 | 00531nam a2200181Ia 4500 | ||
|---|---|---|---|
| 001 | 24166 | ||
| 005 | 20260414151025.0 | ||
| 008 | 260414t2013||||xx |||||||||||||| ||spa|| | ||
| 041 | _aESP | ||
| 082 |
_a791.43 _bO52 |
||
| 100 |
_aO´Neill de la Fuente, Cecilia (ed.) _eAUT |
||
| 245 | 0 |
_aEl derecho va al cine : _bintersecciones entre la visión artística y la visión jurídica de los problemas sociales |
|
| 260 | _c2013 | ||
| 300 |
_a310 páginas : _c23 cm. |
||
| 650 | _aABD | ||
| 654 | _aCAU | ||
| 942 |
_cLIB _dJUS _fJUS _2ddc _n |
||
| 999 |
_c24166 _d24166 |
||